000 00776nam a2200265Ia 4500
003 OSt
005 20220918170840.0
006 a|||||r|||| 00| 0
007 ta
008 220917b |||||||| |||| 00| 0 eng d
020 _a9780745336251 (pbk)
_c1263.15
024 _a289,787
037 _b120, 19/03/2016, Mallika Books
_cTextual
040 _aARTS
_cARTS
_beng
041 _2eng
_aeng
082 _aY76xN25, Q5
100 _aHudis Peter
_931671
245 0 _aFrantz fanon
_b Philisopher of the barricades
260 _aLondon
_bPluto Press UK
_c2015
300 _a165p.
_ccm.
490 _aRevolutionary lives
650 _aSOCIOLOGY
942 _hY76xN25, Q5
_cTEXL
_2CC
999 _c136213
_d136213